000 00840nam a2200229Ia 4500
003 GCL
005 20240530103148.0
008 140319s9999 xx 000 0 ara d
040 _aGCL /
_cGCL
082 0 4 _a658.91
_bف ا
100 1 _aفريد راغب محمد النجار
245 1 0 _aادارة المستشفيات والمنظمات الصحية والطبية:
_bمدخل الادارة بالانظمة المتوازنة /
_cفريد راغب محمد النجار
250 _aط2
260 _aالقاهرة :
_bدار النهضة العربية ،
_c1981
300 _a431 ص؛
_c24 سم
650 0 4 _aادارة الاعمال
650 0 4 _aالادارة
650 0 4 _aادارة المستشفيات
650 0 4 _aالمنظمات الصحية
650 0 4 _aالمنظمات الطبية
942 _2ddc
_cBK
999 _c37262
_d37262